ბათუმის შოთა რუსთაველის სახელმწიფო უნივერსიტეტის ბიბლიოთეკა

Введение в функциональный анализ (ბიბ.ჩანაწერი № 48164)

000 -LEADER
fixed length control field 00562nam a2200205Ia 4500
001 - CONTROL NUMBER
control field 15046
003 - CONTROL NUMBER IDENTIFIER
control field GE_BSU
008 - FIXED-LENGTH DATA ELEMENTS--GENERAL INFORMATION
fixed length control field 181216s||||||||xx |||||||||||||| ||und||
040 ## - CATALOGING SOURCE
Transcribing agency GE_BSU
080 ## - UNIVERSAL DECIMAL CLASSIFICATION NUMBER
Universal Decimal Classification number 517.98
100 ## - MAIN ENTRY--PERSONAL NAME
Personal name Вулих,Ю.З.
245 ## - TITLE STATEMENT
Title Введение в функциональный анализ
250 ## - EDITION STATEMENT
Edition statement 2-е изд.перер. и доп.
260 ## - PUBLICATION, DISTRIBUTION, ETC.
Place of publication, distribution, etc. Москва
260 ## - PUBLICATION, DISTRIBUTION, ETC.
Name of publisher, distributor, etc. Наука
260 ## - PUBLICATION, DISTRIBUTION, ETC.
Date of publication, distribution, etc. 1967
300 ## - PHYSICAL DESCRIPTION
Extent 415стр.22см.
653 ## - INDEX TERM--UNCONTROLLED
Uncontrolled term Введение в функциональный анализ
942 ## - ADDED ENTRY ELEMENTS (KOHA)
Koha item type წიგნი
ეგზემპლარები
Withdrawn status Lost status Damaged status Not for loan Date acquired Barcode Date last seen Price effective from Koha item type
        2018-12-17 15472 2018-12-17 2018-12-17 წიგნი
        2018-12-17 16855 2018-12-17 2018-12-17 წიგნი